<?xml version="1.0" encoding="UTF-8"?>
<marc:record xmlns:marc="http://www.loc.gov/MARC21/slim">
   <marc:leader>00000nam a2200000 a 4500</marc:leader>
   <marc:datafield ind1=" " ind2=" " tag="653">
      <marc:subfield code="a">Angeln</marc:subfield>
   </marc:datafield>
   <marc:datafield ind1=" " ind2=" " tag="653">
      <marc:subfield code="a">Softcover / Ratgeber/Natur/Angeln</marc:subfield>
   </marc:datafield>
   <marc:datafield ind1=" " ind2=" " tag="653">
      <marc:subfield code="a">Jagd</marc:subfield>
   </marc:datafield>
   <marc:datafield ind1="0" ind2="0" tag="245">
      <marc:subfield code="a">Handbuch Angeln</marc:subfield>
   </marc:datafield>
   <marc:datafield ind1="0" ind2="0" tag="245">
      <marc:subfield code="b">Grundlagen, Angeltechniken, Ausrüstung ; [mit Fragen und Antworten der Fischerprüfung</marc:subfield>
   </marc:datafield>
   <marc:datafield ind1=" " ind2="1" tag="264">
      <marc:subfield code="a">Köln</marc:subfield>
      <marc:subfield code="b">Komet</marc:subfield>
   </marc:datafield>
   <marc:datafield ind1="1" ind2=" " tag="520">
      <marc:subfield code="a">Angaben aus der Verlagsmeldung

Handbuch Angeln : Grundlagen, Angeltechniken, Ausrüstung - Mit Fragen und Antworten der Fischerprüfung

Dieses umfassende Handbuch gibt wichtige und hilfreiche Tipps rund um das Thema Angeln. Die passende Grundausstattung, die richtige Angeltechnik, das notwendige Know-How, die wichtigsten Süß- und Salzwasserfische, ihr Vorkommen, ihre Kennzeichen, die besten Beißzeiten und Köder werden detailliert von A bis Z beschrieben. Doch wer große Fische fangen will, muss zuerst sicher durch die Fischerprüfung. Auf einen Blick wird der Prüfungsstoff übersichtlich aufbereitet sowie über 300 Prüfungsfragen aus den fünf prüfungsrelevanten Wissensgebieten anegeben.
</marc:subfield>
   </marc:datafield>
   <marc:datafield ind1=" " ind2=" " tag="020">
      <marc:subfield code="a">9783869411934</marc:subfield>
      <marc:subfield code="9">9783869411934</marc:subfield>
   </marc:datafield>
   <marc:datafield ind1=" " ind2=" " tag="020">
      <marc:subfield code="a">3869411937</marc:subfield>
      <marc:subfield code="9">3869411937</marc:subfield>
   </marc:datafield>
   <marc:datafield ind1=" " ind2=" " tag="041">
      <marc:subfield code="a">ger</marc:subfield>
   </marc:datafield>
   <marc:datafield ind1=" " ind2=" " tag="300">
      <marc:subfield code="a">320 S.</marc:subfield>
   </marc:datafield>
</marc:record>
